000 01495nam a2200373 i 4500
001 196290
003 ES-MaACL
005 20240904063114.0
007 ta
008 240828s2018 sp a | |||| 001 0 spa
017 _aB 18924-2018
_bOficina Depósito Legal Barcelona
020 _a9788491990185
035 _a(OCoLC)1121544196
035 _a991016715389708606
035 _a(SpMaBN)a6362524
040 _aSpMaBN
_bspa
_cSpMaBN
_erda
_dES-MaACL
080 _a355.48(492.82)"1944"
100 0 _aBeevor, Antony
_927032
245 1 3 _aLa batalla por los puentes :
_bArnhem 1944, la última victoria alemana en la Segunda Guerra Mundial /
_cAntony Beevor ; traducción castellana de Amado Diéguez Rodríguez
250 _aPrimera edición: septiembre de 2018
264 1 _aBarcelona :
_bCírculo de Lectores,
_c[2018]
300 _a652 páginas, 32 páginas de láminas sin numerar (blanco y negro) :
_bmapas (blanco y negro) ;
_c24 cm.
500 _aTraducción de: Arnhem. The battle for the bridges
504 _aBibliografía: páginas 619-629. Índices
650 7 _aBatalla de Arnhem, 1944
_2embne
_9238635
852 _aES-MaACL
_cDEPOJ
_jA-15521
_9204007
_hDonación: Fernando Codina Rodríguez
901 _aMON1909
903 _aRodríguez Codina, Fernando
_ednr
_q1
942 _n0
_cMONOGRAFIA
999 _c196290
_d196290